000 007820000a22002410004500
003 LK-CoMWRAF
005 20231207144813.0
008 230817t1985 ||||| |||| 00| 0 eng d
020 _a9062562361
040 _aLK-CoMWRAF
_dLK-CoMWRAF
_eLK-CoMWRAF
041 _aeng
082 _a349.5493
_bHOR
100 _aHorst, Marleen H.J.van den
242 _aHet Rooms Hollandse recht in Sri Lanka
245 _aThe Roman Dutch Law in Sri Lanka
260 _aAmsterdam:
_bFree University Press,
_c1985
300 _a 154 pages : illustrations, maps ; 24 cm.
_bBibliography and index included
650 _aRoman-Dutch law -- Sri Lanka
650 _aCompensation (Roman-Dutch law)
650 _aSet-off and counterclaim (Roman-Dutch law)
650 _a Betterments
942 _cBK
999 _c3144
_d3144